[Event "13. Lichtenberger Sommer"]
[Site "?"]
[Date "2014.08.20"]
[Round "5.50"]
[White "Bandsom, Olaf"]
[Black "Püschel, Werner"]
[Result "0-1"]
[WhiteElo "1812"]
[BlackElo "2093"]
[PlyCount "190"]
[EventDate "2014.??.??"]
[WhiteTeam "SC Friesen Lichtenberg e.V."]
[BlackTeam "SG Lasker Steglitz-Wilmersdorf"]

1. e4 c6 2. d4 g6 3. Nc3 Bg7 4. Nf3 d5 5. exd5 cxd5 6. Be2 Nf6 7. h3 O-O 8. Be3
a6 9. Qc1 Re8 10. O-O Nc6 11. Re1 b5 12. a3 Bb7 13. Na2 Na5 14. Nd2 Rc8 15. Qd1
Nc4 16. Nxc4 dxc4 17. Bf3 Nd5 18. Bc1 Qb6 19. c3 a5 20. Bd2 e6 21. Qc2 Red8 22.
Rad1 Rd7 23. Re2 Qd6 24. Rde1 Nf4 25. Bxf4 Qxf4 26. Bxb7 Rxb7 27. Qe4 Qxe4 28.
Rxe4 Rd8 29. f4 Bf6 30. g3 Kg7 31. Kf2 Be7 32. Rc1 Bd6 33. Kf3 Kf6 34. Re2 Bb8
35. Re4 Rd5 36. Re2 Bd6 37. Re4 Rb8 38. Re2 g5 39. fxg5+ Rxg5 40. g4 h5 41. Rg2
Rh8 42. Rf1 hxg4+ 43. hxg4 Rh3+ 44. Ke2+ Ke7 45. Rgf2 Rg7 46. Rg2 Rgh7 47. Nc1
Rh1 48. Kf2 Kf6 49. Ne2 Rxf1+ 50. Kxf1 Kg5 51. Ng1 Rh1 52. Kf2 Kg6 53. Nf3 Bf4
54. Ne5+ Bxe5 55. dxe5 Rh3 56. Rg3 Rh4 57. Rg2 Kg5 58. Kf3 Rh3+ 59. Ke4 a4 60.
Kd4 Rd3+ 61. Ke4 Rd1 62. Rf2 Rd7 63. Rg2 Rd1 64. Rf2 Kg6 65. Rg2 Kg7 66. Re2
Kf8 67. Ke3 Rd3+ 68. Ke4 Ke7 69. Rf2 Rg3 70. Kd4 Rxg4+ 71. Kc5 Re4 72. Kxb5
Rxe5+ 73. Kxa4 f5 74. Kb4 Re4 75. Kc5 f4 76. a4 Kd7 77. Kb6 e5 78. a5 Re1 79.
a6 Ke6 80. a7 Ra1 81. Kb7 Kf5 82. a8=Q Rxa8 83. Kxa8 e4 84. b4 e3 85. Rb2 f3
86. b5 e2 87. b6 e1=Q 88. Rb5+ Kg4 89. b7 Qa1+ 90. Kb8 Qxc3 91. Kc7 Qg7+ 92.
Kb6 Qf8 93. Ka7 f2 94. b8=Q Qxb8+ 95. Rxb8 f1=Q 0-1

[Event "13. Lichtenberger Sommer"]
[Site "?"]
[Date "2014.08.20"]
[Round "5.51"]
[White "Kollberg, Lothar"]
[Black "Fuchs, Gabriele"]
[Result "1-0"]
[WhiteElo "2138"]
[BlackElo "1708"]
[PlyCount "87"]
[EventDate "2014.??.??"]
[WhiteTeam "SC Zugzwang 95 e.V."]
[BlackTeam "SF Kraichtal"]

1. d4 d5 2. c4 e6 3. Nc3 Nf6 4. cxd5 exd5 5. Bg5 c6 6. e3 Nbd7 7. Bd3 h6 8. Bh4
b6 9. Nf3 Be7 10. Qc2 Bb7 11. O-O O-O 12. Rfd1 Qc7 13. Bg3 Bd6 14. Nb5 cxb5 15.
Qxc7 Bxc7 16. Bxc7 Rfc8 17. Rac1 Ne8 18. Bxb5 Ndf6 19. Be5 a6 20. Bd3 Ne4 21.
h3 N8d6 22. Bxd6 Nxd6 23. Ne5 Rd8 24. f3 Ne8 25. Rc3 Rac8 26. Rdc1 Rxc3 27.
Rxc3 Rd6 28. Bc2 g6 29. Kf2 Kg7 30. Ba4 b5 31. Bb3 a5 32. Rc5 a4 33. Bc2 Ba6
34. Nd3 Nf6 35. Nb4 Nd7 36. Rxd5 Rxd5 37. Nxd5 Bb7 38. Nc7 Bc6 39. d5 Bb7 40.
e4 f5 41. Nxb5 fxe4 42. fxe4 Nc5 43. Nc3 Ba6 44. Nxa4 1-0

[Event "13. Lichtenberger Sommer"]
[Site "?"]
[Date "2014.08.20"]
[Round "5.52"]
[White "Schulz, Wolfgang"]
[Black "Korell, Klaus-Peter"]
[Result "0-1"]
[WhiteElo "2074"]
[BlackElo "1901"]
[PlyCount "152"]
[EventDate "2014.??.??"]
[WhiteTeam "Hamburger SK von 1830 eV"]
[BlackTeam "SG TT/Wiheil"]

1. e4 e6 2. d3 d5 3. Nd2 c5 4. Ngf3 Nc6 5. g3 g6 6. Bg2 Bg7 7. O-O Nge7 8. Re1
Qc7 9. c3 O-O 10. Qe2 dxe4 11. dxe4 e5 12. a4 a5 13. Nc4 b6 14. Na3 Na7 15. Bd2
Be6 16. Nc4 h6 17. Rec1 Nec6 18. Rab1 Rab8 19. b4 Rfd8 20. b5 Ne7 21. Rd1 Rd7
22. Be1 Rbd8 23. Ne3 c4 24. Rxd7 Rxd7 25. Rd1 Rxd1 26. Qxd1 Nac8 27. Bf1 Nd6
28. Nd2 Qc5 29. Qe2 Nec8 30. Nexc4 Nxc4 31. Nxc4 Nd6 32. Nxd6 Qxd6 33. Qc2 Qa3
34. c4 Bf8 35. Bc3 Bd6 36. Bb2 Qb4 37. Kg2 Kh7 38. Be2 h5 39. Bc1 Bc5 40. Bd2
Qa3 41. Bd1 Bd4 42. f4 Qc5 43. Be2 Bg1 44. Be1 exf4 45. gxf4 Be3 46. Bg3 Kh6
47. h4 Qa3 48. f5 Bc8 49. fxg6 fxg6 50. Qd3 Qxd3 51. Bxd3 Kg7 52. Kf3 Bd4 53.
e5 Bc5 54. Be1 Bg4+ 55. Kf4 Bd1 56. Bc3 Kf7 57. Be4 Bxa4 58. Bd5+ Kf8 59. e6
Bc2 60. Be4 Bxe4 61. Kxe4 Ke7 62. Ke5 a4 63. Bd2 a3 64. Bg5+ Ke8 65. Kd5 Be7
66. Bc1 a2 67. Bb2 Bxh4 68. c5 bxc5 69. Kc4 Bd8 70. Kb3 Ke7 71. Kxa2 Kxe6 72.
Kb3 Kd5 73. Bc3 g5 74. Be1 h4 75. Kc2 c4 76. Bf2 h3 0-1

[Event "13. Lichtenberger Sommer"]
[Site "?"]
[Date "2014.08.20"]
[Round "5.53"]
[White "Lieder, Günter"]
[Black "Mai, Andreas"]
[Result "1/2-1/2"]
[WhiteElo "1864"]
[BlackElo "1998"]
[PlyCount "41"]
[EventDate "2014.??.??"]
[WhiteTeam "SK Turm Bad Hersfeld"]
[BlackTeam "SC Friesen Lichtenberg e.V."]

1. e4 d6 2. d4 Nf6 3. Nc3 g6 4. f4 Bg7 5. Nf3 O-O 6. Be2 Nc6 7. e5 dxe5 8. dxe5
Nd7 9. Ne4 h6 10. O-O e6 11. c3 Qe7 12. Be3 a6 13. Qc2 b6 14. Ng3 Bb7 15. b4
Rfd8 16. Bd3 Nf8 17. Rad1 Rd7 18. Be2 Rad8 19. Rxd7 Rxd7 20. Rd1 Rxd1+ 21. Qxd1
1/2-1/2

[Event "13. Lichtenberger Sommer"]
[Site "?"]
[Date "2014.08.20"]
[Round "5.55"]
[White "Poseck, Steffen"]
[Black "Krüger, Ekkehard"]
[Result "1-0"]
[WhiteElo "2019"]
[BlackElo "1798"]
[PlyCount "99"]
[EventDate "2014.??.??"]
[WhiteTeam "BSV 63 Chemie Weißensee"]
[BlackTeam "SG Narva Berlin e.V."]

1. d4 Nf6 2. Bg5 d5 3. e3 e6 4. Nf3 h6 5. Bh4 Be7 6. c4 Ne4 7. Bxe7 Qxe7 8. Nc3
O-O 9. Bd3 f5 10. cxd5 Nxc3 11. bxc3 exd5 12. Ne5 Rf6 13. Qb3 c6 14. f4 Nd7 15.
O-O Nxe5 16. fxe5 Rf7 17. Rf3 Be6 18. Raf1 Raf8 19. Qb4 Qxb4 20. cxb4 a6 21. a4
g6 22. R3f2 Kg7 23. g3 Bd7 24. h3 h5 25. Kg2 Be6 26. Rc2 Rc8 27. Rfc1 Ra8 28.
Rc5 Bd7 29. Ra5 Rd8 30. Rac5 Ra8 31. Be2 Kf8 32. Rf1 Ke7 33. Bd3 Rh8 34. h4 Ra8
35. Kf3 Kf8 36. Kf4 Kg7 37. Rfc1 Re7 38. Ra5 Rae8 39. b5 axb5 40. axb5 Rb8 41.
Ra7 Kf7 42. Rb1 Be8 43. bxc6 Bxc6 44. Bb5 Rbe8 45. Kg5 Kg7 46. Bxc6 bxc6 47.
Rbb7 Kf8 48. Rxe7 Rxe7 49. Rxe7 Kxe7 50. Kxg6 1-0

[Event "13. Lichtenberger Sommer"]
[Site "?"]
[Date "2014.08.20"]
[Round "5.56"]
[White "Sabrowski, Uwe"]
[Black "Jacob, Karl"]
[Result "1-0"]
[WhiteElo "2097"]
[BlackElo "1697"]
[PlyCount "27"]
[EventDate "2014.??.??"]
[WhiteTeam "SC Friesen Lichtenberg e.V."]
[BlackTeam "Schachfreunde Hettstedt"]

1. d4 Nf6 2. Nf3 d5 3. c4 Bf5 4. Nc3 e6 5. cxd5 exd5 6. Bg5 c6 7. Qb3 b6 8. Ne5
Be7 9. g3 Ng4 10. Bxe7 Qxe7 11. Nxg4 Bxg4 12. Bg2 O-O 13. O-O Qe6 14. Nxd5 1-0

[Event "13. Lichtenberger Sommer"]
[Site "?"]
[Date "2014.08.20"]
[Round "5.57"]
[White "Schilly, Hans-Joachim"]
[Black "Kievelitz, Bernd"]
[Result "1/2-1/2"]
[WhiteElo "1804"]
[BlackElo "1998"]
[PlyCount "67"]
[EventDate "2014.??.??"]
[WhiteTeam "SF Siemensstadt"]
[BlackTeam "SC Zitadelle Spandau 1977 e.V."]

1. c4 c5 2. Nc3 g6 3. Nf3 Bg7 4. g3 Nc6 5. Bg2 a6 6. O-O e6 7. Rb1 Nge7 8. b3
O-O 9. Bb2 d6 10. e3 e5 11. a3 Rb8 12. Nd5 Nxd5 13. cxd5 Ne7 14. d4 Bf5 15. Rc1
exd4 16. exd4 Be4 17. Re1 Bxd5 18. Qe2 Nf5 19. dxc5 Re8 20. Qd2 Rxe1+ 21. Nxe1
Bxg2 22. Bxg7 Kxg7 23. Kxg2 dxc5 24. Qc3+ Qd4 25. Qxd4+ cxd4 26. Rc7 Re8 27.
Nf3 Re7 28. Rxe7 Nxe7 29. Nxd4 Nd5 30. Kf3 f5 31. Ke2 Kf6 32. f4 h6 33. h4 g5
34. fxg5+ 1/2-1/2

[Event "13. Lichtenberger Sommer"]
[Site "?"]
[Date "2014.08.20"]
[Round "5.58"]
[White "Jaeger, Andre"]
[Black "Bailliere, Arne"]
[Result "1-0"]
[WhiteElo "1977"]
[BlackElo "1673"]
[PlyCount "81"]
[EventDate "2014.??.??"]
[WhiteTeam "SC Rochade e.V."]
[BlackTeam "Sfrd. Berlin 1903 e.V."]

1. d4 d5 2. c4 e6 3. Nc3 Nf6 4. cxd5 exd5 5. Bg5 Be7 6. e3 O-O 7. Bd3 Be6 8.
Qc2 h6 9. Bh4 Nbd7 10. Nge2 c5 11. O-O Bd6 12. h3 a6 13. Rad1 Rc8 14. Qd2 b5
15. dxc5 Nxc5 16. Bxf6 Qxf6 17. Bb1 Rfd8 18. Nd4 b4 19. Nce2 Ne4 20. Qd3 Qh4
21. Nxe6 fxe6 22. Qxa6 Ng5 23. f4 Nxh3+ 24. gxh3 Qxh3 25. Kf2 Qh4+ 26. Ng3 Rc4
27. Rd3 Qg4 28. b3 Rc7 29. Rd4 Rdc8 30. Qe2 Qh4 31. Rh1 Qf6 32. Nh5 Qf7 33. Rg1
Qf8 34. Qd3 Qf5 35. Qxf5 exf5 36. Bxf5 Ra8 37. Be6+ Kf8 38. Rd2 Raa7 39. Bxd5
Rc3 40. Bc4 Re7 41. Rxd6 1-0

[Event "13. Lichtenberger Sommer"]
[Site "?"]
[Date "2014.08.20"]
[Round "5.59"]
[White "Sappok, Marius"]
[Black "Kohlmeyer, Dagobert"]
[Result "1-0"]
[WhiteElo "2003"]
[BlackElo "1888"]
[PlyCount "41"]
[EventDate "2014.??.??"]
[WhiteTeam "SC Zugzwang 95 e.V."]
[BlackTeam "SC Rochade e.V."]

1. Nf3 Nf6 2. b3 d6 3. g3 e5 4. Bg2 Nc6 5. O-O Bf5 6. Bb2 Qd7 7. Re1 Be7 8. c4
Bh3 9. Bh1 h5 10. d4 e4 11. d5 exf3 12. dxc6 bxc6 13. exf3 O-O-O 14. Qd2 h4 15.
Qa5 hxg3 16. Qa6+ Kb8 17. fxg3 d5 18. Bd4 c5 19. Be5 Bd6 20. Nc3 Be6 21. Nb5
1-0

[Event "13. Lichtenberger Sommer"]
[Site "?"]
[Date "2014.08.20"]
[Round "5.60"]
[White "Exner, Roland"]
[Black "Keusch, Horst"]
[Result "0-1"]
[WhiteElo "1908"]
[BlackElo "2021"]
[PlyCount "82"]
[EventDate "2014.??.??"]
[WhiteTeam "SV Berolina Mitte e.V."]
[BlackTeam "SC Friesen Lichtenberg e.V."]

1. d4 d5 2. Nf3 Nf6 3. g3 e6 4. Bg2 Be7 5. O-O O-O 6. c4 c6 7. Nc3 dxc4 8. Ne5
Nbd7 9. Nxc4 Nd5 10. e4 N5b6 11. Ne3 f5 12. Bh3 Nb8 13. Qb3 Kh8 14. d5 cxd5 15.
exd5 e5 16. Rd1 Bd6 17. Nb5 Na6 18. Nxd6 Qxd6 19. Nf1 Nc5 20. Qf3 f4 21. Bg2
fxg3 22. Qxg3 Rf6 23. Be3 Nbd7 24. Kh1 b6 25. Rac1 Bb7 26. Rc4 Rg6 27. Qh3 Rf8
28. b4 Na4 29. Rh4 h6 30. Be4 Nc3 31. Bxh6 Rxh6 32. Rxh6+ Qxh6 33. Qxc3 Nf6 34.
f3 Nxe4 35. fxe4 Ba6 36. Nd2 Rf2 37. Qg3 Rxd2 38. Rc1 Rd3 39. Qe1 Rd2 40. Qg3
Rd3 41. Qe1 Rd2 0-1

[Event "13. Lichtenberger Sommer"]
[Site "?"]
[Date "2014.08.20"]
[Round "5.61"]
[White "Stiemerling, Andreas"]
[Black "Silz, Elisa"]
[Result "1/2-1/2"]
[WhiteElo "1699"]
[BlackElo "1957"]
[PlyCount "83"]
[EventDate "2014.??.??"]
[WhiteTeam "SSV Rotation Berlin e.V."]
[BlackTeam "SV Empor Berlin e.V."]

1. c4 Nf6 2. d4 g6 3. Nc3 Bg7 4. g3 d6 5. Bg2 O-O 6. Nf3 Nbd7 7. O-O e5 8. e4
exd4 9. Nxd4 Re8 10. Qc2 Nxe4 11. Nxe4 Bxd4 12. Bg5 f6 13. Rad1 Bb6 14. Bh6 Nc5
15. Rfe1 Bf5 16. Kf1 a5 17. Re2 Nxe4 18. Bxe4 Bg4 19. f3 Bh3+ 20. Ke1 c6 21.
Bxg6 Rxe2+ 22. Kxe2 Qe7+ 23. Qe4 Qxe4+ 24. Bxe4 Be6 25. Rxd6 Bxc4+ 26. Ke1 Rd8
27. Rxf6 Bd4 28. Rf5 Bxb2 29. Kf2 a4 30. a3 Kh8 31. Kg2 Bxa3 32. Re5 Bd6 33.
Ra5 a3 34. Bc1 a2 35. Bb2+ Kg8 36. Rg5+ Kf8 37. Bxh7 Be7 38. Rf5+ Bf7 39. Bc3
Ke8 40. Ra5 Rd5 41. Rxa2 b5 42. Re2 1/2-1/2

[Event "13. Lichtenberger Sommer"]
[Site "?"]
[Date "2014.08.20"]
[Round "5.63"]
[White "Khorolskyi, Borys"]
[Black "Schönemann, Manfred"]
[Result "1-0"]
[WhiteElo "1879"]
[BlackElo "1781"]
[PlyCount "75"]
[EventDate "2014.??.??"]
[WhiteTeam "vereinslos"]
[BlackTeam "SV Turbine Berlin e.V."]

1. d4 Nf6 2. Nf3 e6 3. Bg5 Be7 4. e3 d5 5. Nbd2 O-O 6. c3 h6 7. Bh4 Ne4 8. Bxe7
Qxe7 9. Bd3 f5 10. Ne5 Qg5 11. O-O Nxd2 12. Qxd2 Nd7 13. Nxd7 Bxd7 14. f4 Qe7
15. c4 c6 16. c5 b6 17. b4 bxc5 18. bxc5 a5 19. Rfb1 Ra7 20. Rb6 Rfa8 21. Rab1
Qd8 22. Bc2 a4 23. a3 Qc7 24. Qb4 Kh7 25. Rb7 Qc8 26. Rxa7 Rxa7 27. Qb6 Ra8 28.
Rb4 Qe8 29. Qb7 Qh5 30. Qxa8 Qe2 31. Rb1 Qxe3+ 32. Kh1 Qxd4 33. Qd8 Qxc5 34.
Bxf5+ exf5 35. Qxd7 Qc2 36. Re1 h5 37. Qe8 Kh6 38. Re6+ 1-0

[Event "13. Lichtenberger Sommer"]
[Site "?"]
[Date "2014.08.20"]
[Round "5.64"]
[White "Raab, Helen"]
[Black "Born, Jonathan"]
[Result "1-0"]
[WhiteElo "1851"]
[BlackElo "1706"]
[PlyCount "123"]
[EventDate "2014.??.??"]
[WhiteTeam "SC Kreuzberg e.V."]
[BlackTeam "SV Königsjäger Süd-West e.V."]

1. e4 e5 2. Nf3 Nc6 3. Bb5 a6 4. Ba4 Nf6 5. O-O b5 6. Bb3 Bc5 7. Re1 d6 8. c3
O-O 9. d4 Bb6 10. Bg5 exd4 11. Nxd4 Ne5 12. Bd5 Rb8 13. Na3 h6 14. Bh4 Bb7 15.
Bxb7 Rxb7 16. Nf5 Ng6 17. Bg3 Re8 18. Qf3 Ne5 19. Bxe5 Rxe5 20. Kf1 Kh7 21.
Rad1 Qd7 22. Qg3 g6 23. Qxe5 dxe5 24. Rxd7 Nxd7 25. Ne7 Bc5 26. Nd5 Bxa3 27.
bxa3 c5 28. Rb1 c4 29. f3 Nc5 30. Ke2 Kg7 31. g3 f6 32. Ke3 Kf7 33. h4 Ke6 34.
g4 Rd7 35. Rb2 f5 36. gxf5+ gxf5 37. Rg2 f4+ 38. Ke2 Kf7 39. h5 Rd6 40. Kd2 Nd7
41. Kc2 Nf8 42. a4 bxa4 43. Kb2 Nh7 44. Ka3 Ng5 45. Rf2 Ke6 46. Kxa4 Kd7 47.
Kb4 Rc6 48. a4 Kd6 49. Rf1 Rc5 50. a5 Rb5+ 51. Kxc4 Rxa5 52. Nf6 Ra2 53. Ng4
Rg2 54. Nxh6 Rh2 55. Nf5+ Kc7 56. h6 Nf7 57. Kd5 Kd7 58. Ra1 Rd2+ 59. Kc5 Nd6
60. Nxd6 Rxd6 61. Rh1 Rc6+ 62. Kd5 1-0

[Event "13. Lichtenberger Sommer"]
[Site "?"]
[Date "2014.08.20"]
[Round "5.66"]
[White "Hintze, Emanuel"]
[Black "Willich, Manfred"]
[Result "1/2-1/2"]
[WhiteElo "1922"]
[BlackElo "1961"]
[PlyCount "31"]
[EventDate "2014.??.??"]
[WhiteTeam "SK Zehlendorf e.V."]
[BlackTeam "SK Turm Bad Hersfeld"]

1. e4 c5 2. Nf3 e6 3. c4 a6 4. Nc3 Qc7 5. d4 cxd4 6. Nxd4 Nf6 7. a3 Be7 8. Be2
b6 9. Be3 Bb7 10. f3 O-O 11. Qc2 d5 12. cxd5 exd5 13. Nxd5 Nxd5 14. exd5 Qe5
15. Qe4 Bf6 16. Qxe5 1/2-1/2

[Event "13. Lichtenberger Sommer"]
[Site "?"]
[Date "2014.08.20"]
[Round "5.67"]
[White "Weiß, Daniel"]
[Black "Waitz, Marco"]
[Result "0-1"]
[WhiteElo "1741"]
[BlackElo "1984"]
[PlyCount "120"]
[EventDate "2014.??.??"]
[WhiteTeam "Sfr.Nord-Ost Berlin"]
[BlackTeam "BSV 63 Chemie Weißensee"]

1. Nf3 d5 2. d4 Nf6 3. Bf4 e6 4. e3 Bd6 5. Ne5 O-O 6. Nd2 Ne4 7. Nxe4 dxe4 8.
Qg4 f6 9. Bh6 Qe7 10. Nc4 e5 11. Qg3 exd4 12. Nxd6 cxd6 13. exd4 d5 14. c3 Nc6
15. Bf4 Re8 16. Be2 Qf7 17. O-O Kh8 18. Rfe1 Ne7 19. Qe3 g5 20. Bg3 Nf5 21. Qd2
Nxg3 22. hxg3 Bd7 23. Qd1 Rf8 24. Qb3 b5 25. f3 f5 26. Rf1 a6 27. fxe4 dxe4 28.
Qxf7 Rxf7 29. Rae1 Be6 30. b3 Rc7 31. d5 Bd7 32. c4 Kg7 33. Rc1 Rac8 34. Rfd1
bxc4 35. bxc4 a5 36. Rb1 Kf6 37. Rb6+ Ke5 38. d6 Rc5 39. Rb7 Rd8 40. Rc7 Bc6
41. d7 Ke6 42. Rc8 Rxd7 43. Rxd7 Kxd7 44. Rh8 Re5 45. Rxh7+ Re7 46. Rh6 Re6 47.
Rh5 Rg6 48. Kf2 Kd6 49. Ke3 Ke5 50. Bd1 Rg7 51. Be2 Be8 52. Rh8 f4+ 53. Kf2 Bc6
54. Rh6 e3+ 55. Ke1 Bxg2 56. gxf4+ gxf4 57. Rh5+ Kf6 58. Rxa5 f3 59. Bd3 Rd7
60. Rf5+ Ke6 0-1

[Event "13. Lichtenberger Sommer"]
[Site "?"]
[Date "2014.08.20"]
[Round "5.68"]
[White "Fiedler, Wolfgang"]
[Black "Reiser, Ralf"]
[Result "1-0"]
[WhiteElo "1928"]
[BlackElo "1755"]
[PlyCount "69"]
[EventDate "2014.??.??"]
[WhiteTeam "SV Berolina Mitte e.V."]
[BlackTeam "Schachunion Berlin e.V."]

1. d4 Nf6 2. Nf3 e6 3. g3 c5 4. Bg2 Nc6 5. O-O d5 6. Nc3 h6 7. e3 a6 8. a3 b5
9. dxc5 Bxc5 10. b4 Ba7 11. Bb2 O-O 12. Ne2 Bb7 13. Nfd4 Rc8 14. Nxc6 Bxc6 15.
Nd4 Ba8 16. a4 Rc4 17. axb5 Bxd4 18. Bxd4 axb5 19. Re1 Rc8 20. Bf1 Bc6 21. Ra5
Rb8 22. Qa1 Ne8 23. Qb2 f6 24. Rea1 Nd6 25. Bc5 Rf7 26. Ra6 Qc7 27. Bd3 Nc4 28.
Qc3 Nb6 29. Bg6 Rd7 30. Bxb6 Rxb6 31. Ra8+ Rd8 32. Qc5 Rbb8 33. R1a7 Qc8 34.
Rxb8 Qxb8 35. Qe7 1-0

[Event "13. Lichtenberger Sommer"]
[Site "?"]
[Date "2014.08.20"]
[Round "5.69"]
[White "Feyer, Leon"]
[Black "Schilling, Hans"]
[Result "1-0"]
[WhiteElo "1660"]
[BlackElo "1846"]
[PlyCount "97"]
[EventDate "2014.??.??"]
[WhiteTeam "SV Empor Berlin e.V."]
[BlackTeam "Sfr.Nord-Ost Berlin"]

1. e4 d5 2. exd5 Qxd5 3. Nc3 Qd6 4. d4 e5 5. dxe5 Qxe5+ 6. Qe2 Qxe2+ 7. Bxe2 c6
8. Nf3 Nf6 9. Bg5 Be7 10. O-O-O Be6 11. Rhe1 Nbd7 12. Nd4 Nf8 13. Bf3 O-O-O 14.
Nxe6 Nxe6 15. Bh4 Rhe8 16. Rxd8+ Kxd8 17. Ne4 Nd5 18. Bg3 Kd7 19. Rd1 f5 20. c4
fxe4 21. Bxe4 Bg5+ 22. Kb1 Nef4 23. Bf5+ Kd6 24. cxd5 cxd5 25. Bxh7 Kc6 26.
Bxf4 Bxf4 27. g3 Bg5 28. Bd3 d4 29. Kc2 b5 30. a3 Kc5 31. b4+ Kb6 32. h4 Rc8+
33. Kb2 Bf6 34. Rc1 Re8 35. Kc2 a5 36. Kd2 axb4 37. axb4 Ra8 38. Rc5 Ra2+ 39.
Ke1 Ra1+ 40. Ke2 Ra2+ 41. Kf3 Ra3 42. Rxb5+ Kc6 43. Rc5+ Kd6 44. Ke4 Ra1 45.
Rc2 Rb1 46. b5 Rb4 47. h5 Rb3 48. f4 Kd7 49. g4 1-0

[Event "13. Lichtenberger Sommer"]
[Site "?"]
[Date "2014.08.20"]
[Round "5.70"]
[White "Bollenbach, Horst"]
[Black "Albinus, Günter"]
[Result "1-0"]
[WhiteElo "1752"]
[BlackElo "1877"]
[PlyCount "52"]
[EventDate "2014.??.??"]
[WhiteTeam "SC Friesen Lichtenberg e.V."]
[BlackTeam "SG Weißensee 49 e.V."]

1. d4 Nf6 2. Nf3 e6 3. c4 d5 4. e3 c6 5. Nc3 Be7 6. cxd5 exd5 7. Qc2 O-O 8. Bd3
h6 9. O-O Nbd7 10. e4 dxe4 11. Bxe4 Nxe4 12. Nxe4 Nf6 13. Re1 Bg4 14. Be3 Qc7
15. Nxf6+ Bxf6 16. Qe4 Be6 17. Ne5 Rfe8 18. f4 Bd5 19. Qf5 Re6 20. Qh5 Rae8 21.
g4 R6e7 22. h4 g6 23. Nxg6 fxg6 24. Qxg6+ Bg7 25. Kf2 Rxe3 26. Rxe3 Qxf4+ 1-0

[Event "13. Lichtenberger Sommer"]
[Site "?"]
[Date "2014.08.20"]
[Round "5.71"]
[White "Hommel, Niclas"]
[Black "Rollwitz, Jürgen"]
[Result "1/2-1/2"]
[WhiteElo "1575"]
[BlackElo "1987"]
[PlyCount "103"]
[EventDate "2014.??.??"]
[WhiteTeam "Schachunion Berlin e.V."]
[BlackTeam "SC Rochade e.V."]

1. e4 e5 2. Nf3 d6 3. d4 exd4 4. Nxd4 Nf6 5. Nc3 Be7 6. Be2 O-O 7. Bf4 a6 8.
O-O c5 9. Nb3 Nc6 10. a4 Be6 11. Nd2 Ne5 12. Nf3 Ng6 13. Bg3 Nh5 14. Qd2 Nxg3
15. hxg3 Ne5 16. b3 Bf6 17. Rad1 Qe7 18. Nd5 Bxd5 19. exd5 Rab8 20. Rfe1 Nxf3+
21. gxf3 Qd7 22. Kg2 Rfe8 23. Bf1 Rxe1 24. Rxe1 Re8 25. Rxe8+ Qxe8 26. Qe2 Kf8
27. Qe4 h6 28. Qxe8+ Kxe8 29. Bd3 Kd8 30. Kf1 Bc3 31. Ke2 Ke7 32. f4 g6 33. g4
Kf6 34. f3 g5 35. f5 Ke5 36. Bc4 Kd4 37. Kf2 f6 38. Ke2 Ba5 39. Kf2 Bd2 40. Ke2
Bf4 41. Kf2 b5 42. axb5 axb5 43. Bxb5 Kxd5 44. Bd3 Kd4 45. Ke2 d5 46. Kf2 Kc3
47. Ke2 Bh2 48. Ke3 Bg3 49. Ke2 Bf4 50. Kd1 Kb2 51. Be2 Kc3 52. Bd3 1/2-1/2

[Event "13. Lichtenberger Sommer"]
[Site "?"]
[Date "2014.08.20"]
[Round "5.72"]
[White "Zuccolo, Sebastian"]
[Black "Schubert, Joachim"]
[Result "0-1"]
[WhiteElo "1434"]
[BlackElo "1848"]
[PlyCount "76"]
[EventDate "2014.??.??"]
[WhiteTeam "ASD San Gregorio Pordenone"]
[BlackTeam "SC Friesen Lichtenberg e.V."]

1. d4 d5 2. c4 e6 3. Nf3 Nf6 4. Bg5 Be7 5. Nc3 Nbd7 6. e3 b6 7. cxd5 exd5 8.
Bd3 O-O 9. O-O h6 10. Bh4 Bb7 11. Rc1 a6 12. a3 c5 13. dxc5 Nxc5 14. Be2 Qd7
15. b4 Nce4 16. Nxe4 Nxe4 17. Bxe7 Qxe7 18. Nd2 Nf6 19. Nb3 Rac8 20. Qd4 Qe6
21. Bf3 Ne4 22. Bxe4 dxe4 23. Qb2 Qg6 24. Nd4 Rce8 25. Rc7 Bc8 26. Kh1 Qf6 27.
Rc6 Qd8 28. Rfc1 Be6 29. Nxe6 fxe6 30. Qb3 Qd2 31. Qc2 Rxf2 32. Qxd2 Rxd2 33.
Rxb6 Red8 34. Kg1 Ra2 35. Rxa6 Rdd2 36. Rxe6 Rxg2+ 37. Kf1 Rxh2 38. Rxe4 Rh1#
0-1

[Event "13. Lichtenberger Sommer"]
[Site "?"]
[Date "2014.08.20"]
[Round "5.73"]
[White "Kapp, Frank"]
[Black "Pöltelt, Helmut"]
[Result "1-0"]
[WhiteElo "1910"]
[BlackElo "1745"]
[PlyCount "67"]
[EventDate "2014.??.??"]
[WhiteTeam "TSV IFA Chemnitz"]
[BlackTeam "SC Eintracht Berlin e.V."]

1. d4 Nf6 2. c4 e6 3. Nc3 d5 4. Bg5 Be7 5. e3 Nbd7 6. Nf3 O-O 7. Qc2 Ne8 8.
Bxe7 Qxe7 9. cxd5 e5 10. Bd3 g6 11. O-O f5 12. dxe5 Nxe5 13. Nxe5 Qxe5 14. Nb5
a6 15. Nd4 f4 16. Nf3 Qd6 17. e4 Kg7 18. Qc3+ Kh6 19. Rad1 Bg4 20. e5 Qxd5 21.
Bf5 Bxf3 22. Rxd5 Bxd5 23. Bb1 Bc6 24. Qh3+ Kg7 25. Rd1 f3 26. g3 Rf7 27. Qe6
Kf8 28. Qg4 Ng7 29. Be4 Bxe4 30. Qxe4 Rb8 31. e6 Rf6 32. Rd7 Nxe6 33. Qe5 Rf5
34. Qh8# 1-0

[Event "13. Lichtenberger Sommer"]
[Site "?"]
[Date "2014.08.20"]
[Round "5.74"]
[White "Schmitt, Jens-Ole"]
[Black "Reiche, Henry"]
[Result "0-1"]
[WhiteElo "1691"]
[BlackElo "1992"]
[PlyCount "110"]
[EventDate "2014.??.??"]
[WhiteTeam "SG Narva Berlin e.V."]
[BlackTeam "SC Zugzwang 95 e.V."]

1. e4 e5 2. Nf3 Nc6 3. Bb5 a6 4. Bxc6 dxc6 5. Nc3 Bd6 6. d4 exd4 7. Nxd4 Be5 8.
Be3 Nf6 9. h3 O-O 10. f4 Bxd4 11. Qxd4 Qxd4 12. Bxd4 Nxe4 13. Nxe4 Re8 14.
O-O-O Rxe4 15. Be5 Be6 16. Bxc7 Bd5 17. Rd2 Rae8 18. Rhd1 h5 19. h4 Re1 20. Be5
Rxd1+ 21. Kxd1 f6 22. Bc7 Re3 23. Rd3 Rxd3+ 24. cxd3 Bxa2 25. Bb6 Kf7 26. Kd2
Ke6 27. Ke3 Kd5 28. b4 Bb3 29. Kd2 Ba4 30. Ke3 Bb5 31. Kd2 Ke6 32. g3 Kf5 33.
Kc3 Kg4 34. Bf2 Kf3 35. Be1 Ke2 36. Bd2 Bxd3 37. f5 Bxf5 38. Bf4 Kf3 39. Kd4
Kg4 40. Kc5 g5 41. hxg5 fxg5 42. Bd6 h4 43. gxh4 gxh4 44. Kb6 Bd3 45. Kxb7 Bb5
46. Kb6 h3 47. Bc7 Kf3 48. Bd6 Kg2 49. Bc7 h2 50. Bxh2 Kxh2 51. Ka5 Kg2 52. Kb6
Kf3 53. Ka5 Ke4 54. Kb6 Kd4 55. Ka5 Kc4 0-1

[Event "13. Lichtenberger Sommer"]
[Site "?"]
[Date "2014.08.20"]
[Round "5.75"]
[White "Kujawa, Werner"]
[Black "Duijker, Bert"]
[Result "1/2-1/2"]
[WhiteElo "1814"]
[BlackElo "1926"]
[PlyCount "38"]
[EventDate "2014.??.??"]
[WhiteTeam "SV Motor Wildau e.V."]
[BlackTeam "Bennekomse S.V."]

1. d4 g6 2. c4 Bg7 3. Nc3 d6 4. e4 Nc6 5. Be3 e5 6. dxe5 Bxe5 7. f4 Bg7 8. Nf3
Nge7 9. Be2 O-O 10. O-O f5 11. Qd2 fxe4 12. Nxe4 Re8 13. Nc3 Nf5 14. Bf2 Bxc3
15. bxc3 Ng7 16. Nd4 Nxd4 17. Bxd4 Qe7 18. Bf3 c6 19. Rae1 Ne6 1/2-1/2

[Event "13. Lichtenberger Sommer"]
[Site "?"]
[Date "2014.08.20"]
[Round "5.76"]
[White "Scholta, Danilo"]
[Black "Mueller, Joerg"]
[Result "1-0"]
[WhiteElo "1761"]
[BlackElo "1850"]
[PlyCount "134"]
[EventDate "2014.??.??"]
[WhiteTeam "SV Empor Berlin e.V."]
[BlackTeam "vereinslos"]

1. d4 c6 2. f4 d5 3. e3 Nf6 4. Bd3 g6 5. Nf3 Nbd7 6. O-O Bg7 7. Nbd2 e6 8. b3
O-O 9. Ne5 Ne8 10. Ba3 f6 11. Bxf8 Nxf8 12. Nef3 Qc7 13. c4 Qd7 14. Qe2 b6 15.
cxd5 exd5 16. Rac1 Bb7 17. Rc2 Ne6 18. Rfc1 Nd8 19. Qf2 Nd6 20. Nf1 a5 21. Ng3
Ba6 22. Bxa6 Rxa6 23. Qe2 Ra7 24. a4 Rc7 25. Nd2 Kh8 26. Nb1 f5 27. Nc3 h6 28.
Nxd5 Rb7 29. Nc3 Kh7 30. Nd1 Ne4 31. Nxe4 fxe4 32. Nf2 Qe6 33. Qc4 Qe8 34. Rd1
h5 35. d5 c5 36. d6 Kh6 37. Qxe4 Qd7 38. Qe7 Nc6 39. Qxd7 Rxd7 40. Rcd2 Kh7 41.
g4 Kh6 42. Kg2 Bc3 43. Rd3 Bh8 44. Kf3 Nb4 45. R3d2 Bc3 46. Re2 Bh8 47. gxh5
Kxh5 48. Ne4 Kh6 49. Rg2 Kh7 50. Rdg1 Rg7 51. Nf6+ Kh6 52. Rg3 g5 53. Rh3+ Kg6
54. fxg5 Nd3 55. Rxh8 Ne5+ 56. Ke4 Nf7 57. d7 Nxh8 58. d8=Q Nf7 59. Qd3 Nxg5+
60. Kf4+ Kxf6 61. Qf5+ Ke7 62. Rxg5 Rf7 63. Qxf7+ Kxf7 64. Kf5 b5 65. axb5 c4
66. bxc4 a4 67. b6 a3 1-0